Each States Demonym - Statistics

General Stats
  • This quiz has been taken 24 times
  • The average score is 36 of 50
Answer Stats
State Demonym % Correct
Alabama Alabamian
94%
Alaska Alaskan
94%
California Californian
94%
Arizona Arizonan
89%
Florida Floridian
89%
Hawaii Hawaiian
89%
Colorado Coloradan
83%
Georgia Georgian
83%
Iowa Iowan
83%
Ohio Ohioan
83%
Oregon Oregonian
83%
Texas Texan
83%
Idaho Idahoan
78%
Maryland Marylander
78%
Minnesota Minnesotan
78%
Nebraska Nebraskan
78%
Nevada Nevadan
78%
New Mexico New Mexican
78%
New York New Yorker
78%
North Carolina North Carolinian
78%
Oklahoma Oklahoman
78%
Rhode Island Rhode Islander
78%
South Carolina South Carolinian
78%
South Dakota South Dakotan
78%
Virginia Virginian
78%
West Virginia West Virginian
78%
Kansas Kansan
72%
Louisiana Louisianian
72%
Missouri Missourian
72%
Montana Montanan
72%
North Dakota North Dakotan
72%
Pennsylvania Pennsylvanian
72%
Washington Washingtonian
72%
Arkansas Arkansan
67%
Illinois Illinoisan
67%
Kentucky Kentuckian
67%
Maine Mainer
67%
Mississippi Mississippian
67%
Vermont Vermonter
61%
Delaware Delawarean
56%
Indiana Hoosier
56%
Massachusetts Massachusettsan
56%
New Jersey New Jerseyan
56%
Utah Utahn
56%
Wisconsin Wisconsinite
56%
Connecticut Connecticuter
50%
Michigan Michigander
50%
Tennessee Tennessean
50%
Wyoming Wyomingite
44%
New Hampshire New Hampsherite
11%
No matching quizzes found
Score Distribution
Percent of People with Each Score
Percentile by Number Answered
Your Score History
You have not taken this quiz